000 00841nam a22002057a 4500
999 _c64325
_d64325
005 20240530110726.0
008 180419s2016 ua ah f b 000 0 ara d
017 _a2016/15148
_bمصر. دار الكتب
020 _a9789779108759
040 _aEG-CaGPL
_cEG-CaGPL
082 0 4 _221
_a962.02 /
_bق/إ ح
100 0 _aايناس فارس مشالى
245 1 2 _aالحملة الفرنسية واثار مصر العاليا /
_cايناس فارس مشالى
260 _aالقاهرة :
_bالهيئة المصرية العامة للكتاب ،
_c2016.
300 _a260 ص. :
_bايض ؛
_c24 سم.
504 _aيشتمل على ارجاعات ببليوجرافية
651 0 7 _2qrmak
_aمصر
_xتاريخ
_xالحملة الفرنسية (1798 - 1801م).
942 _2ddc
_cBK